| 000 | 01374nam a2200313 i 4500 | ||
|---|---|---|---|
| 001 | bg | ||
| 003 | BPK | ||
| 005 | 20190715131958.0 | ||
| 008 | 010301s2000 pl a |000 0 pol | ||
| 015 | _aPB 2009/20549 | ||
| 040 |
_aWA N _cBPK |
||
| 080 | _a502.13/.14 | ||
| 080 | _a502.17 | ||
| 100 | 1 |
_aZieńko, Jarosław _eAutor |
|
| 245 | 1 | 0 |
_aEkologiczne uwarunkowania systemów zarządzania środowiskiem przyrodniczym i metody opcji ekologicznych w projektowaniu technologicznym / _cJarosław Zieńko, Elżbieta Sieńko. |
| 260 |
_aSzczecin : _bWydawnictwo Uczelniane PS, _c2000. |
||
| 300 |
_a293 s. : _bil. ; _c24 cm. |
||
| 490 | 1 |
_aPrace Naukowe Politechniki Szczecińskiej. Instytut Technologii Chemicznej Organicznej, _x1506-3062 ; _vnr 2. |
|
| 500 | _aNumeracja serii gł.: 550. | ||
| 504 | _aBibliogr. s. 283-293. | ||
| 650 | 4 |
_aInwestycje _xwpływ na środowisko. |
|
| 650 | 4 |
_aOchrona środowiska _xzarządzanie _xmetody. |
|
| 650 | 4 |
_aTechnologie czyste _xprojekty. |
|
| 700 | 1 | _aSieńko, Elżbieta. | |
| 830 | 0 |
_aPrace Naukowe Politechniki Szczecińskiej ; _vnr 550. |
|
| 830 | 0 |
_aPrace Naukowe Politechniki Szczecińskiej. _pInstytut Technologii Chemicznej Organicznej, _vnr 2. |
|
| 942 |
_2UKD _cKS |
||
| 856 |
_uhttp://koha.tu.koszalin.pl/cgi-bin/koha/opac-detail.pl?biblionumber=39422 _yKatalog online BPK |
||
| 999 |
_c39422 _d39422 |
||